[Event "DRUZYNOWE MISTRZOSTWA POLSKI JUNIOROW - II LIGA"]
[Site "Szczyrk, CKiR Orle Gniazdo ul. Wrzosowa 28a"]
[Date "2014-07-26"]
[Round "2.45"]
[White "Golenia, Wojciech"]
[Black "Guzik, Natalia"]
[Result "1/2-1/2"]
[WhiteTitle "II+"]
[BlackTitle "I+"]
[WhiteElo "1700"]
[BlackElo "1539"]

1. e4 c5 2. Nf3 Nc6 3. d4 cxd4 4. Nxd4 g6 5. c4 Bg7 6. Be3 d6 7. Nc3 Nf6 8. Be2
O-O 9. f4 e6 10. Ndb5 Qa5 11. O-O Rd8 12. a3 Rd7 13. Nxd6 Ne8 14. e5 Nxe5 15.
b4 Qd8 16. fxe5 Bxe5 17. Nxf7 Rxd1 18. Raxd1 Qc7 19. Nh6+ Kg7 20. Nb5 Qe7 21.
Bc5 Bxh2+ 22. Kh1 Qh4 23. Rf7+ Kh8 24. Rf8+ Kg7 25. Rf7+ Kh8 26. Rf8+ Kg7 27.
Rf7+ Kh8 28. Rf8+ Kg7 29. Rf7+ Kh8 30. Rf8+ Kg7 31. Rf7+ Qd8 1/2-1/2

[Event "DRUZYNOWE MISTRZOSTWA POLSKI JUNIOROW - II LIGA"]
[Site "Szczyrk, CKiR Orle Gniazdo ul. Wrzosowa 28a"]
[Date "2014-07-26"]
[Round "2.46"]
[White "Bakalarczyk, Jakub"]
[Black "Gawor, Jan Pawel"]
[Result "1-0"]
[WhiteTitle "II"]
[BlackTitle "II"]
[WhiteElo "1457"]
[BlackElo "1551"]

1. d4 Nf6 2. c4 c5 3. e3 e6 4. Nc3 cxd4 5. exd4 d5 6. Nf3 Nc6 7. a3 a5 8. Bg5 Be7
9. Rc1 h6 10. Bh4 O-O 11. Be2 b6 12. cxd5 exd5 13. O-O Be6 14. Qa4 Na7 15. Ne5
Rc8 16. Bg3 Qe8 17. Qxe8 Rfxe8 18. Ba6 Rcd8 19. Nb5 Nxb5 20. Bxb5 Rf8 21. Nc6
Rde8 22. Nxe7+ Rxe7 23. Bd6 Ra7 24. Bxf8 Kxf8 25. Rc6 Rb7 26. Ba6 Rb8 27. Rfc1
Bd7 28. Rc7 Ra8 29. Bc8 Ba4 30. Bb7 Ra7 31. Rc8+ Ke7 32. Bc6 Bxc6 33. R8xc6 Nd7
34. Re1+ Kd8 35. Rd6 Kc7 36. Rxd5 Kc6 37. Rf5 Nf6 38. Rc1+ Kd6 39. d5 Kd7 40.
Rf3 b5 41. Rd3 b4 42. Rb3 bxa3 43. Rxa3 a4 44. b3 Nxd5 45. bxa4 Ra5 46. Rb1 Kc6
47. Rb5 Ra6 48. g3 g5 49. Rd3 Nc7 50. Rf5 Rxa4 51. Rc3+ Kb6 52. Rxf7 Ra1+ 53.
Kg2 Nd5 54. Rd3 Nb4 55. Rd6+ Kc5 56. Rxh6 g4 57. Rf4 Nd3 58. Rh5+ Kc6 59. Rf6+
Kd7 60. Rh7+ Ke8 61. Rg6 Ne1+ 62. Kf1 Nf3+ 63. Ke2 Re1+ 64. Kd3 Ne5+ 65. Kd2 Nf3+
66. Kc3 Kf8 67. Rgg7 Rc1+ 68. Kb2 Re1 69. Ra7 Kg8 70. Rhb7 Re2+ 71. Kc3 Re8 72.
Rg7+ Kh8 73. Rh7+ Kg8 74. Rag7+ Kf8 75. Rxg4 Rc8+ 76. Rc4 Rd8 77. Rh8+ Ke7 78.
Rxd8 Kxd8 79. h4 Ke7 80. h5 Ne5 81. Re4 Kf6 82. Rxe5 Kxe5 83. g4 Kf6 84. f4 Kg7
85. g5 Kh7 86. f5 Kg7 87. h6+ Kh7 88. f6 Kg6 89. Kd4 Kf7 90. Ke5 Kg6 91. Ke6 Kh7
92. Ke7 Kg8 93. f7+ Kh7 94. f8=Q 1-0

[Event "DRUZYNOWE MISTRZOSTWA POLSKI JUNIOROW - II LIGA"]
[Site "Szczyrk, CKiR Orle Gniazdo ul. Wrzosowa 28a"]
[Date "2014-07-26"]
[Round "2.47"]
[White "Tracz, Marcelina"]
[Black "Wojna, Ewelina"]
[Result "1-0"]
[WhiteTitle "I++"]
[BlackTitle "I"]
[WhiteElo "1760"]
[BlackElo "1565"]

1. e4 c5 2. Nf3 Nc6 3. d4 cxd4 4. Nxd4 g6 5. Nc3 Bg7 6. Be3 Nf6 7. Bc4 O-O 8. Bb3
a5 9. O-O d5 10. exd5 Nb4 11. Ndb5 a4 12. Nxa4 Nfxd5 13. Bc5 Qa5 14. c4 Bf5 15.
cxd5 Qxb5 16. Bxe7 Rfe8 17. d6 Nc6 18. Re1 Bd7 19. Nc3 Qf5 20. Re3 Ne5 21. Bc2
Qf4 22. Nd5 Qg4 23. Nc7 Nc4 24. Qxg4 Bxg4 25. Rg3 Bd7 26. Nxe8 Rxe8 27. Bb3 Nxb2
28. Rf3 Rc8 29. Bxf7+ Kh8 30. h3 Nd3 31. Rb1 Ne5 32. Rxb7 Rc1+ 33. Kh2 Nxf3+ 34.
gxf3 Be5+ 35. Kg2 Bxh3+ 36. Kxh3 Rh1+ 37. Kg2 Rc1 1-0

[Event "DRUZYNOWE MISTRZOSTWA POLSKI JUNIOROW - II LIGA"]
[Site "Szczyrk, CKiR Orle Gniazdo ul. Wrzosowa 28a"]
[Date "2014-07-26"]
[Round "2.48"]
[White "Bakalarczyk, Zuzanna"]
[Black "Debowska, Michalina"]
[Result "1/2-1/2"]
[WhiteTitle "II"]
[BlackTitle "II"]
[WhiteElo "1239"]
[BlackElo "1453"]

1. e4 c5 2. Nf3 Nc6 3. d4 cxd4 4. Nxd4 g6 5. Be3 Bg7 6. Nc3 Nf6 7. Be2 O-O 8. Qd2
d6 9. f3 Bd7 10. O-O a6 11. Rad1 Qc7 12. a3 Rfd8 13. Nb3 Rac8 14. h3 Ne5 15. Rc1
Be6 16. Bd3 Nc4 17. Bxc4 Bxc4 18. Rfd1 Nd7 19. Bd4 Bxb3 20. cxb3 Bxd4+ 21. Qxd4
Qb6 22. Qxb6 Nxb6 23. Kf2 Kf8 24. Ke3 e6 25. Ke2 Ke7 26. Ke3 Nd7 27. Ne2 Nb6 28.
Nc3 h6 29. h4 Nd7 30. Ne2 Nb6 31. Nc3 Nd7 32. Ne2 Nb6 33. Nc3 Nd7 34. Ne2 Nb6
35. Nc3 Nd7 36. Ne2 1/2-1/2

[Event "DRUZYNOWE MISTRZOSTWA POLSKI JUNIOROW - II LIGA"]
[Site "Szczyrk, CKiR Orle Gniazdo ul. Wrzosowa 28a"]
[Date "2014-07-26"]
[Round "2.49"]
[White "Janulek, Dawid"]
[Black "Korpalska, Joanna"]
[Result "1-0"]
[WhiteTitle "I"]
[BlackTitle "I++"]
[WhiteElo "1878"]
[BlackElo "1695"]

1. e4 e5 2. Nf3 Nc6 3. Bb5 a6 4. Ba4 Nf6 5. O-O b5 6. Bb3 Bc5 7. c3 Bb6 8. a4 Bb7
9. d4 d6 10. Bg5 h6 11. Bxf6 Qxf6 12. Bd5 O-O 13. Na3 b4 14. Nc4 bxc3 15. bxc3
exd4 16. cxd4 Ba7 17. Rb1 Rab8 18. Rxb7 Rxb7 19. Bxc6 Rb4 20. Qd3 Rfb8 21. d5
Rb3 22. Qe2 Rb1 23. Nfd2 Rxf1+ 24. Qxf1 Qd4 25. g3 Bc5 26. Qe2 Bb4 27. Nf3 Qc3
28. e5 Qc1+ 29. Kg2 dxe5 30. Ncxe5 Bc3 31. Qxa6 Rb1 32. Qc8+ Kh7 33. Qf5+ Kh8
34. Nxf7+ Kg8 35. Qc8+ Kh7 36. Qh8+ Kg6 37. N7e5+ Bxe5 38. Nh4+ Kg5 39. f4+ Bxf4
40. Qxg7+ Kh5 41. Be8# 1-0

[Event "DRUZYNOWE MISTRZOSTWA POLSKI JUNIOROW - II LIGA"]
[Site "Szczyrk, CKiR Orle Gniazdo ul. Wrzosowa 28a"]
[Date "2014-07-26"]
[Round "2.50"]
[White "Szczuraszyk, Jaroslaw"]
[Black "Piela, Dominik"]
[Result "1/2-1/2"]
[WhiteTitle "II"]
[BlackTitle "II+"]
[WhiteElo "1506"]
[BlackElo "1565"]

1. d4 c5 2. c3 e6 3. Nf3 Nf6 4. Bg5 h6 5. Bh4 b6 6. Nbd2 Bb7 7. Qc2 cxd4 8. Nxd4
Be7 9. O-O-O Nc6 10. e3 Nxd4 11. exd4 Nd5 12. Bxe7 Qxe7 13. f3 Ne3 14. Qd3 Nxd1
15. Kxd1 O-O 16. h4 f5 17. Nc4 d6 18. f4 Rac8 19. Qc2 Be4 20. Qd2 b5 21. Ne3 a6
22. Bd3 Kh8 23. Bxe4 fxe4 24. g3 g6 25. Qg2 b4 26. c4 d5 27. c5 h5 28. Qd2 a5
29. Qe2 Qe8 30. Qc2 Qb5 31. Kd2 a4 32. Qb1 Rc7 33. Qf1 Qxf1 34. Rxf1 Rcf7 35.
Ke2 Kg7 36. Rd1 Kf6 37. Rd2 Ke7 38. Rd1 Kd7 39. Rc1 Kc6 40. Rd1 Rb7 41. Kf2 1/2-1/2

[Event "DRUZYNOWE MISTRZOSTWA POLSKI JUNIOROW - II LIGA"]
[Site "Szczyrk, CKiR Orle Gniazdo ul. Wrzosowa 28a"]
[Date "2014-07-26"]
[Round "2.51"]
[White "Klepek, Witold"]
[Black "Wrobel, Michal"]
[Result "1/2-1/2"]
[WhiteTitle "I"]
[BlackTitle "I"]
[WhiteElo "1892"]
[BlackElo "1720"]

1. e4 e6 2. d4 d5 3. Nd2 Nf6 4. e5 Nfd7 5. Bd3 c5 6. c3 Nc6 7. Ne2 Qb6 8. Nf3 cxd4
9. cxd4 f6 10. exf6 Nxf6 11. O-O Bd6 12. Bf4 Nb4 13. Bb1 O-O 14. Be5 Ng4 15. a3
Bxe5 16. dxe5 Nc6 17. Ned4 Ncxe5 18. Nxe5 Nxe5 19. Bxh7+ Kxh7 20. Qh5+ Kg8 21.
Qxe5 Bd7 22. b4 Rac8 23. Rac1 a6 24. h4 Qd8 25. Rxc8 Bxc8 26. g3 Qf6 27. f4 Bd7
28. Re1 Qxe5 29. Rxe5 Kf7 30. Kf2 Rc8 31. Re3 Rc4 32. Nf3 Rc2+ 33. Re2 Rc3 34.
Ne5+ Ke7 35. Re3 Rc2+ 36. Kf3 Bb5 37. Kg4 d4 38. Re1 d3 39. Kf3 d2 40. Rd1 Ra2
41. Ke3 Rxa3+ 42. Kxd2 Rxg3 43. Rc1 Kd6 44. Rc5 Rb3 45. Nf7+ Ke7 46. Rc7+ Kf8
47. Ng5 Rd3+ 48. Kc2 Rd7 49. Nxe6+ Kf7 50. Nd8+ Kf6 51. Rxd7 Bxd7 52. Nxb7 Kf5
53. Nc5 Bb5 54. h5 Kxf4 55. Ne6+ Kf5 56. Nxg7+ Kg5 57. Kc3 Bd7 58. Kd4 Kh6 59.
Kc3 1/2-1/2

[Event "DRUZYNOWE MISTRZOSTWA POLSKI JUNIOROW - II LIGA"]
[Site "Szczyrk, CKiR Orle Gniazdo ul. Wrzosowa 28a"]
[Date "2014-07-26"]
[Round "2.53"]
[White "Kaszok, Weronika"]
[Black "Sekowska, Helena"]
[Result "1-0"]
[WhiteTitle "II"]
[BlackTitle "I"]
[WhiteElo "1365"]
[BlackElo "1489"]

1. e4 c5 2. Nf3 e6 3. Nc3 Nc6 4. d4 cxd4 5. Nxd4 Nf6 6. Bf4 Bb4 7. Ndb5 O-O 8.
Bc7 Qe7 9. Bd6 Bxd6 10. Qxd6 Qxd6 11. Nxd6 a6 12. Be2 Nd4 13. O-O-O Nxe2+ 14.
Nxe2 b5 15. f3 Ra7 16. g4 h6 17. h4 Nh7 18. Rhg1 g6 19. f4 Bb7 20. g5 h5 21. f5
exf5 22. exf5 Bf3 23. Rde1 Bg4 24. Nd4 Rc7 25. Rgf1 gxf5 26. N4xf5 Bxf5 27. Nxf5
Rc4 28. Re7 f6 29. g6 1-0

[Event "DRUZYNOWE MISTRZOSTWA POLSKI JUNIOROW - II LIGA"]
[Site "Szczyrk, CKiR Orle Gniazdo ul. Wrzosowa 28a"]
[Date "2014-07-26"]
[Round "2.54"]
[White "Frej, Hanna"]
[Black "Orlik, Sandra"]
[Result "0-1"]
[WhiteTitle "II"]
[BlackTitle "II"]
[WhiteElo "1356"]
[BlackElo "1288"]

1. e4 c5 2. Nc3 a6 3. a4 Nc6 4. f4 e6 5. Bc4 Qc7 6. d3 Nge7 7. Nf3 Ng6 8. Qd2 f6
9. O-O Bd6 10. Ne2 b6 11. Kh1 Bb7 12. Bb3 h5 13. h3 O-O-O 14. c3 Na5 15. Bc2 e5
16. f5 Ne7 17. b4 cxb4 18. cxb4 Nac6 19. b5 Na7 20. bxa6 Bxa6 21. Bb3 Nac6 22.
Bb2 Kb8 23. Rfc1 Qb7 24. Bc3 g5 25. fxg6 Nxg6 26. Rab1 Ka8 27. Bd5 Nge7 28. a5
b5 29. Bc4 b4 30. Bxa6 Qxa6 31. Bb2 Rb8 32. Ra1 f5 33. d4 exd4 34. Nfxd4 Nxd4
35. Bxd4 Rhg8 36. e5 Qb7 37. Nf4 Bc7 38. a6 Qc8 39. a7 Rb7 40. e6 dxe6 41. Be5
Rd8 42. Qe2 Nd5 43. Bxc7 Nxc7 44. Qa6 Nxa6 45. Rxc8+ Rxc8 46. Rxa6 b3 47. Nd3
e5 48. Nb2 Rxa7 49. Re6 e4 50. Re5 Ra2 51. Nd1 Ra1 52. Rd5 b2 53. Kh2 b1=Q 54.
Nf2 Qg1+ 55. Kg3 Rg8+ 56. Kf4 Qxf2+ 57. Ke5 Ra6 58. Rb5 Re8+ 59. Kd5 Qd2+ 60.
Kc4 Qc2+ 61. Kd4 Qd3+ 62. Kc5 Rc8+ 63. Kb4 Qc3# 0-1

[Event "DRUZYNOWE MISTRZOSTWA POLSKI JUNIOROW - II LIGA"]
[Site "Szczyrk, CKiR Orle Gniazdo ul. Wrzosowa 28a"]
[Date "2014-07-26"]
[Round "2.55"]
[White "Kanicki, Krzysztof"]
[Black "Teclaf, Pawel"]
[Result "0-1"]
[WhiteTitle "I+"]
[BlackTitle "CM"]
[WhiteElo "2028"]
[BlackElo "1979"]

1. e4 e6 2. d4 d5 3. Nd2 Nf6 4. e5 Nfd7 5. Bd3 c5 6. c3 Nc6 7. Ne2 cxd4 8. cxd4
Qb6 9. Nf3 f6 10. exf6 Nxf6 11. O-O Bd6 12. b3 O-O 13. Bf4 Bxf4 14. Nxf4 Ne4 15.
Ne2 Bd7 16. Qb1 Nf6 17. Ne5 Nxe5 18. dxe5 Ng4 19. Bxh7+ Kh8 20. h3 Rxf2 21. hxg4
Rf6+ 22. Kh2 Rh6+ 23. Kg3 Qe3+ 24. Rf3 Qxe2 25. Bd3 Qxe5+ 26. Kf2 Qd4+ 27. Kg3
e5 28. Bf5 e4 29. g5 exf3 30. gxh6 Qe5+ 31. Kg4 Rf8 32. Bxd7 Rf4+ 33. Kg3 Qg5+
34. Kf2 Qxg2+ 35. Ke3 Re4+ 36. Kd3 Qe2+ 37. Kc3 Qe3+ 38. Qd3 Qc5+ 39. Kd2 Re2+
40. Qxe2 fxe2 41. hxg7+ Kxg7 42. Kxe2 Qe7+ 0-1

[Event "DRUZYNOWE MISTRZOSTWA POLSKI JUNIOROW - II LIGA"]
[Site "Szczyrk, CKiR Orle Gniazdo ul. Wrzosowa 28a"]
[Date "2014-07-26"]
[Round "2.56"]
[White "Krawiec, Grzegorz"]
[Black "Marko, Piotr"]
[Result "1/2-1/2"]
[WhiteTitle "II"]
[BlackTitle "II"]
[WhiteElo "1564"]
[BlackElo "1628"]

1. e4 e5 2. Nf3 Nc6 3. Nc3 Nf6 4. d4 exd4 5. Nd5 Be7 6. Bf4 O-O 7. Bxc7 Qe8 8.
Be2 Nxe4 9. Bf4 Qd8 10. Bc7 Bb4+ 11. Nxb4 Qxc7 12. Nxc6 dxc6 13. Qxd4 Qa5+ 14.
b4 Qa3 15. O-O Nf6 16. Rfd1 Bf5 17. c3 Nd5 18. Nh4 Nxc3 19. Bc4 Nxd1 20. Nxf5
Qc3 21. Rxd1 Qxd4 22. Rxd4 Rad8 23. Kf1 Rxd4 24. Nxd4 Rd8 25. Nf3 Rd1+ 26. Ke2
Rb1 27. Bb3 Kf8 28. Ng5 h6 29. Ne4 Ke7 30. Nd2 Rc1 31. Ne4 f5 32. Nc5 a5 33. Nd3
Rh1 34. bxa5 Kd6 35. h3 c5 36. Ne1 Kc6 37. Bc4 g5 38. a6 bxa6 39. Bxa6 g4 40.
hxg4 fxg4 41. Bc8 h5 42. Be6 Kb6 43. Bc4 Kc6 44. Be6 Kd6 45. Bc8 Kc7 46. Be6 Kd6
47. Bc4 h4 48. Ba6 h3 49. gxh3 Rxh3 50. Ng2 Ra3 51. Bc4 Ke5 52. Ne3 Kf4 53. Be6
Kg5 54. Nxg4 Ra6 55. Bc4 Ra8 56. Ne3 Kf4 57. Nc2 Re8+ 58. Ne3 Ke4 59. a4 Kd4 60.
Bb5 Rf8 61. a5 Rb8 62. Bc4 Rb2+ 63. Kf3 Rb1 64. a6 Kc3 65. Ke4 Ra1 66. Kd5 Rh1
67. a7 Ra1 68. Kxc5 Rxa7 69. f4 1/2-1/2

[Event "DRUZYNOWE MISTRZOSTWA POLSKI JUNIOROW - II LIGA"]
[Site "Szczyrk, CKiR Orle Gniazdo ul. Wrzosowa 28a"]
[Date "2014-07-26"]
[Round "2.57"]
[White "Miszkielo, Bartosz"]
[Black "Lewandowski, Wiktor"]
[Result "1-0"]
[WhiteTitle "I"]
[BlackTitle "II"]
[WhiteElo "1678"]
[BlackElo "1357"]

1. Nf3 d5 2. c4 c6 3. b3 Bg4 4. g3 Nf6 5. Bg2 Nbd7 6. Bb2 e6 7. d3 Bb4+ 8. Nbd2
O-O 9. a3 Bd6 10. h3 Bh5 11. g4 Bg6 12. Nh4 Re8 13. Qc2 Rc8 14. e3 Ne5 15. Nxg6
Nxg6 16. O-O-O b5 17. c5 Be7 18. f4 Qa5 19. d4 Qc7 20. Bf3 Nd7 21. Rdg1 a5 22.
Be2 a4 23. b4 Rb8 24. Nf3 Rb7 25. h4 f6 26. Bd3 Ngf8 27. h5 Bd8 28. Bc3 Re7 29.
Be1 Nb8 30. Bh4 Rd7 31. g5 f5 32. Ne5 Re7 33. g6 Re8 34. gxh7+ Kxh7 35. Bxf5+
exf5 36. Qxf5+ Kh8 37. h6 gxh6 38. Bf6+ Bxf6 39. Qxf6+ Qg7 40. Rxg7 Rxg7 41. Rg1
Ne6 42. Rxg7 Nxg7 43. Qf7 Rg8 44. Ng6+ Kh7 45. Ne7 Rd8 46. Qg6+ Kh8 47. Qxh6#
1-0

[Event "DRUZYNOWE MISTRZOSTWA POLSKI JUNIOROW - II LIGA"]
[Site "Szczyrk, CKiR Orle Gniazdo ul. Wrzosowa 28a"]
[Date "2014-07-26"]
[Round "2.58"]
[White "Fiedorek, Michal"]
[Black "Tokarz, Krzysztof"]
[Result "1/2-1/2"]
[WhiteTitle "II"]
[BlackTitle "II"]
[WhiteElo "1405"]
[BlackElo "1485"]

1. e4 e6 2. d4 d5 3. exd5 exd5 4. c4 dxc4 5. Bxc4 Nf6 6. Qb3 Qe7+ 7. Ne2 Nc6 8.
O-O Na5 9. Qa4+ Nc6 10. d5 Qb4 11. Qb3 Na5 12. Qxb4 Bxb4 13. Bb5+ Bd7 14. Bxd7+
Kxd7 15. Nbc3 Rae8 16. Bg5 Bxc3 17. Nxc3 Ne4 18. Nxe4 Rxe4 19. Rfe1 Rhe8 20. Rxe4
Rxe4 21. Bd2 Nc4 22. Bc3 g6 23. Kf1 Nb6 24. Rd1 Rh4 25. h3 Rh5 26. Rd3 Rxd5 27.
Rf3 f5 28. g4 Ke6 29. Ke2 Nc4 30. Rf4 Nd6 31. f3 b5 32. g5 Kf7 33. Rh4 Kg8 34.
Bf6 c5 35. Rf4 Ne8 36. Bc3 b4 37. Bd2 Nd6 38. Be3 a5 39. b3 Re5 40. Rh4 Kg7 41.
Kd2 Kg8 42. Ke2 Re8 43. Kd3 Rc8 44. Rf4 h5 45. gxh6 g5 46. Rc4 Nxc4 47. Kxc4 f4
48. Bxc5 Kh7 49. Kb5 Kxh6 50. Bb6 Rc2 51. Bxa5 Rxa2 52. Bxb4 Rf2 53. Be7 Rxf3
54. b4 Rb3 55. h4 gxh4 56. Bxh4 f3 57. Kc5 Kh5 58. Be1 Re3 59. Bf2 Re2 60. Bd4
Rd2 61. Be3 Rd3 62. Bg1 Kg4 63. b5 Kh3 64. Kc6 Kg2 65. Ba7 Rb3 66. Bd4 Rb4 67.
Be3 Rc4+ 68. Kd6 Rb4 69. Kc6 Rb2 70. b6 Rb3 71. Bd4 Rd3 72. Bc5 Rc3 73. b7 f2
74. b8=Q f1=Q 75. Qb2+ Kh1 76. Qxc3 Qg2+ 77. Kb5 Qb7+ 78. Kc4 Qa6+ 79. Kb3 Qb5+
80. Qb4 Qd3+ 81. Qc3 1/2-1/2

[Event "DRUZYNOWE MISTRZOSTWA POLSKI JUNIOROW - II LIGA"]
[Site "Szczyrk, CKiR Orle Gniazdo ul. Wrzosowa 28a"]
[Date "2014-07-26"]
[Round "2.59"]
[White "Rogacka, Natalia"]
[Black "Karykowska, Anna"]
[Result "0-1"]
[WhiteTitle "II+"]
[BlackTitle "I+"]
[WhiteElo "1509"]
[BlackElo "1528"]

1. e4 c5 2. Nf3 Nc6 3. d4 cxd4 4. Nxd4 Nf6 5. Nc3 e5 6. Ndb5 d6 7. Bg5 a6 8. Na3
b5 9. Nd5 Be7 10. Bxf6 Bxf6 11. c3 O-O 12. Nc2 Rb8 13. Nce3 Bg5 14. b3 a5 15.
a4 bxa4 16. Rxa4 Be6 17. Bc4 Kh8 18. h4 Bxe3 19. Nxe3 Bxc4 20. Rxc4 Ne7 21. h5
h6 22. g4 f6 23. O-O Qb6 24. b4 axb4 25. cxb4 Rfc8 26. Rxc8+ Rxc8 27. Qd2 Rb8
28. Rb1 Qc6 29. f3 Qb6 30. Kg2 Rc8 31. Qd3 Rd8 32. b5 Ra8 33. Nc4 Qc5 34. Nxd6
Ra2+ 35. Kh3 Qf2 36. Rh1 Qg2+ 37. Kh4 0-1

[Event "DRUZYNOWE MISTRZOSTWA POLSKI JUNIOROW - II LIGA"]
[Site "Szczyrk, CKiR Orle Gniazdo ul. Wrzosowa 28a"]
[Date "2014-07-26"]
[Round "2.60"]
[White "Lascar, Maria Elena"]
[Black "Czarniecka, Aleksandra"]
[Result "1/2-1/2"]
[WhiteTitle "II+"]
[BlackTitle "I"]
[WhiteElo "1325"]
[BlackElo "1260"]

1. e4 c5 2. Nf3 d6 3. d4 cxd4 4. Nxd4 Nf6 5. Nc3 a6 6. h3 b5 7. g4 Bb7 8. Bg2 Qc7
9. O-O e6 10. a3 Be7 11. g5 Nfd7 12. f4 Nb6 13. f5 e5 14. Nde2 N8d7 15. Ng3 Rg8
16. g6 hxg6 17. fxg6 fxg6 18. Qg4 Nf8 19. Kh1 Nbd7 20. Nd5 Bxd5 21. exd5 Nf6 22.
Qf3 Qxc2 23. Be3 Qc7 24. Rac1 Qd7 25. Rc6 Rh8 26. Rfc1 Qg4 27. Qf2 Nxd5 28. Bxd5
Rxh3+ 29. Kg2 Ne6 30. Rf1 Kd7 31. Rxd6+ Bxd6 32. Bxa8 e4 33. Qf7+ Be7 34. Rd1+
Qxd1 35. Kxh3 Qb3 36. Qf2 Nc7 37. Bxe4 Qe6+ 38. Kg2 Bd6 39. Bf4 Bxf4 40. Qxf4
Nd5 41. Qd2 Kd6 42. Bxd5 Qxd5+ 43. Qxd5+ Kxd5 44. Kf3 Kc4 45. Ne4 Kb3 46. Nc5+
Kxb2 47. Nxa6 Kxa3 48. Nc5 b4 49. Kg4 Kb2 50. Kg5 Kc3 51. Kxg6 Kc4 52. Ne4 Kd4
53. Nd2 Kc3 54. Ne4+ Kc2 55. Nc5 1/2-1/2

[Event "DRUZYNOWE MISTRZOSTWA POLSKI JUNIOROW - II LIGA"]
[Site "Szczyrk, CKiR Orle Gniazdo ul. Wrzosowa 28a"]
[Date "2014-07-26"]
[Round "2.61"]
[White "Karpacz, Piotr"]
[Black "Kroczka, Gromoslaw"]
[Result "1/2-1/2"]
[WhiteTitle "II+"]
[BlackTitle "I"]
[WhiteElo "1761"]
[BlackElo "1788"]

1. d4 Nf6 2. c4 c5 3. d5 e6 4. Nc3 exd5 5. cxd5 d6 6. e4 g6 7. f4 Bg7 8. Bb5+ Nbd7
9. a4 O-O 10. Nf3 Re8 11. Qe2 a6 12. Bxd7 Bxd7 13. O-O Qc7 14. Qc2 Rab8 15. Re1
b5 16. axb5 axb5 17. e5 dxe5 18. fxe5 Ng4 19. d6 Qb7 20. Bf4 c4 21. h3 Qb6+ 22.
Kf1 Bf5 23. Ne4 Nxe5 24. Bxe5 Bxe5 25. g4 Bxe4 26. Qxe4 Bg3 27. Qxe8+ Rxe8 28.
Rxe8+ Kg7 29. Re2 Qxd6 30. Kg2 Bf4 31. Ra7 Qd3 32. Rae7 b4 33. Rf2 c3 34. bxc3
bxc3 35. Ree2 h5 36. gxh5 gxh5 37. Ra2 Be3 38. Rfe2 Bd2 39. Raxd2 cxd2 40. Rxd2
Qe4 41. Rd4 Qe3 42. Kg3 f6 43. Rd7+ Kg6 44. Rd4 Kf5 45. Ra4 Qb3 46. Rf4+ Kg6 47.
Rd4 Qc3 1/2-1/2

[Event "DRUZYNOWE MISTRZOSTWA POLSKI JUNIOROW - II LIGA"]
[Site "Szczyrk, CKiR Orle Gniazdo ul. Wrzosowa 28a"]
[Date "2014-07-26"]
[Round "2.62"]
[White "Wisniewski, Szymon"]
[Black "Skierski, Jacek"]
[Result "1-0"]
[WhiteTitle "I"]
[BlackTitle "II"]
[WhiteElo "1849"]
[BlackElo "1547"]

1. Nf3 d5 2. b3 c5 3. Bb2 Nc6 4. e3 Bg4 5. Bb5 e6 6. Bxc6+ bxc6 7. d3 Nf6 8. Nbd2
Bd6 9. h3 Bh5 10. Qe2 Bxf3 11. Nxf3 Qa5+ 12. Nd2 e5 13. O-O O-O 14. f4 Nd7 15.
f5 f6 16. e4 Rad8 17. Kh1 Be7 18. Rg1 Nb6 19. g4 dxe4 20. Nxe4 Nd5 21. g5 Qc7
22. gxf6 Bxf6 23. Nxf6+ Nxf6 24. Bxe5 Rde8 25. Rae1 Qd7 26. Qg2 Re7 27. Qg3 Qxf5
28. Bd6 Nh5 29. Qg2 Rxe1 30. Rxe1 Rd8 31. Qxc6 Qxh3+ 32. Bh2 Nf4 33. Qe4 Rf8 34.
Re3 Qf1+ 35. Bg1 Qa1 36. Rf3 Qf6 37. Bh2 g5 38. Qc4+ Kg7 39. Qxc5 Qe6 40. Qxa7+
Rf7 41. Qd4+ Kg8 42. Qd8+ Rf8 43. Qxg5+ Kh8 44. Rxf4 Rxf4 45. Bxf4 1-0

[Event "DRUZYNOWE MISTRZOSTWA POLSKI JUNIOROW - II LIGA"]
[Site "Szczyrk, CKiR Orle Gniazdo ul. Wrzosowa 28a"]
[Date "2014-07-26"]
[Round "2.63"]
[White "Mlynarski, Jedrzej"]
[Black "Kulpinski, Jakub"]
[Result "1-0"]
[WhiteTitle "II"]
[BlackTitle "III"]
[WhiteElo "1455"]
[BlackElo "1375"]

1. d4 d5 2. c4 c6 3. Nc3 dxc4 4. a4 e5 5. dxe5 Qxd1+ 6. Kxd1 Bb4 7. a5 Ne7 8. Ra4
Bxc3 9. bxc3 Be6 10. Ba3 Nd7 11. f4 O-O-O 12. Bxe7 Nc5+ 13. Bxd8 Nxa4 14. Bh4
Nxc3+ 15. Kc2 Nd5 16. Nh3 Bf5+ 17. Kc1 c3 18. Nf2 Ne3 19. g4 Be6 20. Bh3 Kc7 21.
Nd1 Nxg4 22. Bxg4 Bxg4 23. Nxc3 b6 24. h3 Be6 25. axb6+ axb6 26. Kb2 b5 27. Rc1
Kb6 28. Ne4 Bxh3 29. Ng5 Bg4 30. Nxf7 Rf8 31. Nd8 c5 32. Be7 Rxf4 33. Bxc5+ Ka6
34. Ra1+ Ra4 35. Rxa4+ bxa4 36. e6 Bxe2 37. e7 Bh5 38. Ne6 Bg6 39. Nxg7 h5 40.
e8=Q Bxe8 41. Nxe8 h4 42. Ka3 Kb5 43. Bf2 h3 44. Bg1 Kc4 45. Nf6 Kd3 46. Bh2 Ke3
47. Bb8 Kf3 48. Kxa4 Kg2 49. Ng4 Kf3 50. Nh2+ Ke4 51. Kb4 Ke3 52. Kc3 Ke4 53.
Kd2 Kd4 54. Ke2 Ke4 55. Kf2 Kd5 56. Kg3 Kc4 57. Kxh3 Kd5 58. Bg3 Ke4 59. Kg4 Ke3
60. Bf4+ Kd4 61. Nf3+ Kd5 62. Kf5 Kc4 63. Ke6 Kd3 64. Kd5 Ke2 65. Ke4 Kd1 66.
Nd4 Ke1 67. Kf3 Kd1 68. Ke3 Kc1 69. Kd3+ Kb2 70. Bd2 Ka3 71. Bc3 Ka4 72. Kc4 Ka3
73. Nb5+ Ka4 74. Nd6 Ka3 75. Nb7 Ka4 76. Nc5+ Ka3 77. Kd3 Ka2 78. Kc2 Ka3 79.
Ba5 Ka2 80. Bb4 Ka1 81. Nb3+ Ka2 82. Nc1+ Ka1 83. Bc3# 1-0

[Event "DRUZYNOWE MISTRZOSTWA POLSKI JUNIOROW - II LIGA"]
[Site "Szczyrk, CKiR Orle Gniazdo ul. Wrzosowa 28a"]
[Date "2014-07-26"]
[Round "2.64"]
[White "Kozakiewicz, Gracjan"]
[Black "Setera, Mateusz"]
[Result "1-0"]
[WhiteTitle "I"]
[BlackTitle "II"]
[WhiteElo "1589"]
[BlackElo "1309"]

1. d4 e6 2. c4 f5 3. Nf3 Nf6 4. Qc2 b6 5. g3 Bb7 6. Bg2 Bb4+ 7. Bd2 Bxd2+ 8. Nbxd2
Nc6 9. e3 O-O 10. a3 Qe8 11. O-O-O Ne7 12. Nh4 Bxg2 13. Nxg2 d6 14. f3 Rc8 15.
e4 fxe4 16. Nxe4 Nxe4 17. Qxe4 Ng6 18. h4 e5 19. h5 Nh8 20. dxe5 Qxe5 21. Qxe5
dxe5 22. Nh4 Nf7 23. Nf5 Rce8 24. Rd7 Kh8 25. g4 Rc8 26. Re1 g6 27. hxg6 hxg6
28. Rh1+ Kg8 29. Ne7+ Kg7 30. Nxc8 Rxc8 31. Kd2 a5 32. Ke3 Kf6 33. Rd3 c5 34.
Rh7 Ke6 35. Rh1 Nd6 36. b3 Rd8 37. Rh7 Rd7 38. Rxd7 Kxd7 39. Rd1 Ke6 40. Rh1 Nf7
41. f4 exf4+ 42. Kxf4 Kf6 43. Rh7 Ke6 44. Rxf7 Kxf7 45. Ke5 Ke7 46. g5 Kf7 47.
Kd6 Kg7 48. Ke7 Kg8 49. Kf6 Kh7 50. Kf7 Kh8 51. Kxg6 Kg8 52. a4 Kf8 53. Kh7 Kf7
54. g6+ Kf8 55. g7+ Kf7 56. g8=Q+ Kf6 57. Qd5 Ke7 58. Kg6 Ke8 59. Kf6 b5 60. Qd6
b4 61. Qe7# 1-0

[Event "DRUZYNOWE MISTRZOSTWA POLSKI JUNIOROW - II LIGA"]
[Site "Szczyrk, CKiR Orle Gniazdo ul. Wrzosowa 28a"]
[Date "2014-07-26"]
[Round "2.66"]
[White "Humin, Julia"]
[Black "Wagner, Klaudia"]
[Result "1-0"]
[WhiteTitle "I"]
[BlackTitle "II"]
[WhiteElo "1457"]
[BlackElo "1230"]

1. e4 e6 2. d4 d5 3. exd5 exd5 4. Nf3 Bd6 5. c4 Nf6 6. Nc3 c6 7. Bg5 O-O 8. Be2
dxc4 9. O-O Re8 10. Bxc4 Be6 11. Bxe6 Rxe6 12. Qd3 Nbd7 13. Rfe1 Rxe1+ 14. Rxe1
Qc7 15. Ne4 Nxe4 16. Qxe4 h6 17. Be7 Bxe7 18. Qxe7 Rc8 19. Qa3 Qb6 20. Re3 Nf8
21. Rb3 Qc7 22. Qxa7 b5 23. Qxc7 Rxc7 24. Kf1 Ne6 25. Rc3 Kf8 26. g3 Ke7 27. Ke2
Kd6 28. Kd3 Kd5 29. Ra3 c5 30. Ra5 Rb7 31. dxc5 Nxc5+ 32. Kc3 Ne4+ 33. Kb4 Nd6
34. a4 Ke4 35. Nd2+ Kd3 36. Nb3 bxa4+ 37. Kxa4 Nc4 38. Nc5+ Kd4 39. Nxb7 Nxa5
40. Nxa5 Kc5 41. b4+ Kb6 42. b5 g5 43. Nc4+ Kb7 44. Ka5 f5 45. b6 h5 46. Nd6+
Kb8 47. Nxf5 g4 48. Ka6 Ka8 49. b7+ Kb8 50. Kb6 h4 51. Ne7 h3 52. Nc6# 1-0

[Event "DRUZYNOWE MISTRZOSTWA POLSKI JUNIOROW - II LIGA"]
[Site "Szczyrk, CKiR Orle Gniazdo ul. Wrzosowa 28a"]
[Date "2014-07-26"]
[Round "2.67"]
[White "Slany, Wiktor"]
[Black "Jajte-pachota, Maciej"]
[Result "0-1"]
[WhiteTitle "II+"]
[BlackTitle "I"]
[WhiteElo "1737"]
[BlackElo "1916"]

1. e4 d6 2. d4 g6 3. Nc3 Bg7 4. Be3 Nc6 5. Qd2 Nf6 6. f3 Nd7 7. O-O-O a6 8. Nge2
b5 9. Bh6 Bxh6 10. Qxh6 e5 11. Nd5 Nxd4 12. Nxd4 exd4 13. Qg7 Rf8 14. Rxd4 c6
15. Nc3 Qg5+ 16. Kb1 Qe5 17. Qxe5+ dxe5 18. Rd6 Bb7 19. Be2 Nb6 20. a3 Rd8 21.
Rxd8+ Kxd8 22. Rd1+ Ke7 23. Kc1 f5 24. Kd2 c5 25. Ke3 b4 26. Na2 fxe4 27. axb4
Nd5+ 28. Kf2 exf3 29. gxf3 cxb4 30. Nc1 Nf4 31. Bc4 Nh3+ 32. Ke1 Rxf3 33. Nd3
a5 34. Nc5 Bc6 35. Bf1 Nf4 36. Ra1 Kd6 37. Rxa5 e4 38. Nb3 Ne6 39. Ra6 Nc7 40.
Rb6 Rf6 41. Rxb4 Ke5 42. Na5 Nd5 43. Nxc6+ Rxc6 44. Rc4 Rf6 45. Bg2 Rf4 46. Ke2
Rg4 47. Bf1 Rh4 48. h3 Rf4 49. b4 Rxf1 0-1